[Event "Chessable Masters Final"]
[Site "chess24.com INT"]
[Date "2020.06.30"]
[Round "2.14"]
[White "Giri, Anish"]
[Black "Nepomniachtchi, Ian"]
[Result "1-0"]
[WhiteElo "2764"]
[BlackElo "2784"]
[Annotator "Edouard,R"]
[PlyCount "69"]
[EventDate "2020.06.25"]
[EventType "k.o. (rapid)"]
[EventRounds "3"]
[EventCountry "GER"]
[SourceTitle "CBM 197"]
[Source "ChessBase"]
[SourceDate "2020.07.27"]
[SourceVersion "1"]
[SourceVersionDate "2020.07.27"]
[SourceQuality "1"]

{[%evp 0,69,26,13,84,75,97,91,93,94,82,82,106,56,73,64,74,25,32,32,32,32,77,68,
68,45,80,69,78,54,88,87,87,11,61,61,90,85,103,73,52,55,138,19,22,-16,37,-17,
-34,-114,-73,-73,9,-43,-57,-101,112,257,257,257,313,306,388,341,392,474,474,
467,465,465,475,445]} 1. d4 d6 2. e4 g6 {Nepo's favourite opening in a
must-win situation!} 3. Nf3 Nf6 4. Nc3 Bg7 5. Be3 c6 6. Qd2 Qa5 7. Bd3 (7. h3
$5) 7... Bg4 8. Ng1 $5 {A fun way to keep the knight: first kick the bishop
out with h3 and then Nf3 back!} (8. O-O-O $5) 8... e5 9. h3 Be6 10. Nf3 h6 11.
O-O Nbd7 ({Giri had already won that game in this position:} 11... Qc7 12. Ne2
Nbd7 13. Ng3 Nb6 14. b3 Rd8 15. Rad1 exd4 16. Nxd4 Bc8 17. c4 $16 {1-0 (39)
Giri,A (2783)-Petrosian,T (2598) St Petersburg 2018}) 12. a4 Qc7 13. a5 g5 {
All-in!} 14. Qe2 $6 {A poor reaction, I believe.} (14. Rfd1 g4 15. hxg4 Bxg4
16. Be2 $16) 14... g4 15. hxg4 Bxg4 {Suddenly one may wonder what the white
queen is dong on e2!} 16. Nb1 $2 (16. d5 $1 cxd5 17. exd5 a6 18. Ra4 $1 {
would have been great for White, though!}) 16... Nh5 $2 (16... d5 $1 {looked
more than fine for Black!}) 17. c3 Rg8 18. Nbd2 O-O-O 19. Qe1 $6 (19. Bc4 $1 {
would have been a useful move:} Rdf8 20. b4 Bf6 21. Rfb1 Bh3 (21... Bg5 22. b5
$16) 22. Ne1 $16) 19... Bf6 20. Kh1 Bg5 (20... Nf4 $5) 21. Nh2 $6 (21. Bc4 $5)
21... Bxe3 22. Qxe3 Nf4 {The position is a total mess.} 23. Bc4 $6 (23. Nxg4
Rxg4 24. g3 Nxd3 25. Qxd3 h5 $132) 23... d5 $1 {White has been playing timid
chess the whole game. Playing for a win with Black - Nepo got what he wanted!}
24. dxe5 (24. exd5 cxd5 $36) 24... Nxg2 $5 (24... dxc4 25. Qxf4 Nxe5 $15) 25.
Qxa7 $1 (25. Kxg2 dxc4) 25... Bh3 $2 {Black is slowly forgetting to bring a
few pieces back to the queenside (or at least to the center!).} (25... dxc4 $5
26. Nxc4 Qb8 $8 {is not something you want as Black, even if it may be fine!})
(25... Nxe5 26. exd5 Nf4 {may be the strongest.}) 26. Rg1 (26. a6 $1 {was
winning:} Nxe5 (26... b5 27. Qa8+ Nb8 28. a7 Kd7 29. exd5 $18) 27. axb7+ Kd7
28. Nhf3 $3 (28. exd5 Ne3 $132) 28... Nxf3 29. Nxf3 Nf4 30. Rg1 $18) 26... Nf4
$2 {It was already difficult to find a move to play for a win. Let's remind
that the score of the mini-match was 2-1 for Giri.} (26... dxc4 27. Nxc4 Qb8
28. Qd4 Qc7 {was playable, but of course not what Nepo wanted.}) (26... Nxe5 {
made sense:} 27. exd5 cxd5 28. Bb5 Nc6 29. Qc5 Kb8 30. a6 Na7 31. Qxc7+ Kxc7
32. Bf1 Nf4 $13) (26... Qb8 27. Qxb8+ Kxb8 28. exd5 Nxe5 29. Nhf3 Nxc4 30. Nxc4
Nf4 31. Kh2 Bg2 32. a6 bxa6 33. Nce5 Bxf3 34. Nxc6+ Kb7 35. Nxd8+ Rxd8 36. Kg3
Ne2+ 37. Kxf3 Nxg1+ 38. Rxg1 Rxd5 39. Rg7 Rf5+ $11) 27. a6 $1 {Game over!} Nxe5
(27... b5 28. Qa8+ Nb8 29. Rxg8 Rxg8 30. Bf1 $18) 28. axb7+ Kd7 29. exd5 Rxg1+
30. Rxg1 Rb8 31. Qd4 Nxc4 32. Nxc4 cxd5 33. Ne5+ Ke6 34. Qxf4 Qxe5 35. Qxh6+
1-0

[Event "Chessable Masters Final"]
[Site "chess24.com INT"]
[Date "2020.07.02"]
[Round "2.31"]
[White "Nepomniachtchi, Ian"]
[Black "Giri, Anish"]
[Result "1-0"]
[WhiteElo "2784"]
[BlackElo "2764"]
[Annotator "Edouard,R"]
[PlyCount "65"]
[EventDate "2020.06.25"]
[EventType "k.o. (rapid)"]
[EventRounds "3"]
[EventCountry "GER"]
[SourceTitle "CBM 197"]
[Source "ChessBase"]
[SourceDate "2020.07.27"]
[SourceVersion "1"]
[SourceVersionDate "2020.07.27"]
[SourceQuality "1"]

{[%evp 0,65,34,16,19,29,13,-20,1,-21,48,46,59,59,63,44,33,22,62,34,31,24,6,21,
3,-29,-44,45,59,53,32,-6,-6,-6,74,74,100,71,137,137,267,267,392,168,169,151,
141,95,120,120,112,57,62,-15,137,150,175,71,46,46,347,347,347,169,1398,400,424,
419]} 1. Nf3 d5 2. e3 Nf6 3. c4 e6 4. Nc3 dxc4 5. Bxc4 c5 6. d4 a6 7. e4 $146 (
7. O-O {would transpose into a regular Queen's Gambit Accepted with 7.Nc3.})
7... cxd4 (7... b5 $5 {should also be playable.}) 8. Nxd4 Bd6 {One of many
possible moves.} (8... b5 $5 {with the dea ...Bb7, ...e5 or ...Nbd7 should
also be a reasonable move.}) (8... Qc7 $5 9. Bb3 Bd7 10. O-O Nc6 11. Nf3 Rd8 {
also looks reasonable.}) (8... Bc5 $5 9. Be3 O-O 10. e5 Nfd7 11. f4 Qb6 12. Qd2
Nc6 13. Na4 Bb4 14. Nxb6 Bxd2+ 15. Kxd2 Nxb6 16. Bd3 Nxd4 17. Bxd4 Nd5 {
should also be close to equal.}) 9. Be3 O-O 10. Rc1 b5 11. Bb3 Bb7 (11... Re8 {
would prevent White's next and probably be better, altough it isn't such a
natural move!}) 12. Bxe6 Nxe4 $6 (12... fxe6 13. Nxe6 Qe7 14. Nxf8 {followed
by f3 is the kind of position that favours White, unless Black has a dynamic
way to prove his point.}) 13. Nxe4 Bxe4 14. Qg4 $1 {Black's position is
already much worse.} Bg6 (14... Bb7 $2 15. Nf5 $18) 15. Bf5 Qa5+ (15... Qf6 16.
O-O Be5 17. Qe4 Nd7 18. Rc6 Qd8 19. Rxg6 hxg6 20. Bxd7 Bxh2+ 21. Kxh2 Qxd7 22.
Qc6 $16) (15... Bb4+ 16. Ke2 Qf6 17. Rhd1 Re8 18. Kf1 $16) (15... Be5 16. Ne6
$5 Bxf5 (16... fxe6 17. Bxg6 hxg6 18. Qxe6+ $18) 17. Qxf5 Qd5 18. Nxg7 $1 Nc6 (
18... Kxg7 19. Qg5+ Kh8 20. Rc5 $18) 19. Rxc6 Rfd8 20. O-O Bxg7 21. Qxd5 Rxd5
22. b3 $16) 16. Kf1 Be5 17. Bxg6 hxg6 18. h4 $1 {White's king is uncastled,
but it's simply perfect on f1!} (18. Rc8 {looked good as well:} Qxa2 (18...
Bxd4 19. Rxf8+ Kxf8 20. Qc8+ Ke7 21. Bxd4 Qd2 22. Qc5+ Ke8 23. Qe5+ Kd7 24. g3
$18) (18... Bd6 19. Rxf8+ Bxf8 20. Qe4 Qxa2 21. Qxa8 Qb1+ 22. Ke2 Qxh1 23. Qxb8
$18) 19. Rxf8+ Kxf8 20. Qc8+ Ke7 21. Qb7+ Nd7 22. Nc6+ Kd6 23. f4 $1 Qd5 $1 24.
Qxa8 $1 Bxb2 25. Qxa6 Nc5 26. Nb4+ Nxa6 27. Nxd5 Kxd5 28. Ke2 $16 {/+-}) 18...
Qxa2 (18... Bxd4 19. Bxd4 Qd2 20. Rd1 Qc2 21. Rh3 f5 22. Qe2 $16) 19. h5 Qd5
20. hxg6 fxg6 21. Ne6 $6 ({There was nothing wrong with} 21. Qxg6 Bxd4 22. Bxd4
Qxd4 23. Qe6+ $18) 21... Re8 22. Ng5 Bf6 23. Kg1 $4 {Missing a brilliant
tactics!} (23. Rh8+ $1 Kxh8 24. Qh4+ Kg8 25. Qh7+ Kf8 26. Bc5+ Be7 (26... Re7
27. Qh8+ Qg8 28. Bxe7+ $18) 27. Bxe7+ Rxe7 28. Qh8+ Qg8 29. Qxg8+ Kxg8 30. Rc8+
Re8 31. Rxe8#) 23... Bxg5 24. Bxg5 (24. Rc5 $5) 24... Nc6 25. Be3 Ne5 26. Qh3 (
26. Qh4 $142 {so Rh3 remains possible.}) 26... Nc4 $4 (26... Kf7 $1 {and
suddenly Black would be absolutely fine!}) 27. Qh7+ Kf7 28. Bh6 Qe5 (28... Rg8
29. Rh3 $18) 29. Rh3 $1 {Game over!} Rg8 30. Rf3+ Ke7 31. Rxc4 $1 Rh8 32. Qxg7+
Qxg7 33. Re4+ 1-0

[Event "Titled Tuesday intern op 30th June"]
[Site "Chess.com INT"]
[Date "2020.06.30"]
[Round "3"]
[White "Souza Dos Santos, Matheus Garcett"]
[Black "Girish, A Koushnik"]
[Result "0-1"]
[WhiteElo "1959"]
[BlackElo "2498"]
[PlyCount "70"]
[EventDate "2020.06.30"]
[EventType "swiss (blitz)"]
[EventRounds "10"]
[EventCountry "USA"]
[SourceTitle "CBM 197 Extra"]
[Source "ChessBase"]
[SourceDate "2020.09.30"]
[SourceVersion "1"]
[SourceVersionDate "2020.09.30"]
[SourceQuality "1"]

1. e4 e5 2. Nf3 Nc6 3. Bb5 a6 4. Ba4 d6 5. d4 b5 6. Bb3 Nxd4 7. Nxd4 exd4 8.
Bd5 Rb8 9. Bc6+ Bd7 10. Bxd7+ Qxd7 11. Qxd4 Nf6 12. O-O Be7 13. a3 O-O 14. Nc3
Rfe8 15. h3 Rbd8 16. Bg5 h6 17. Bf4 Bf8 18. Rad1 Qe6 19. Rfe1 g6 20. e5 Nh5 21.
exd6 Qxe1+ 22. Rxe1 Rxe1+ 23. Kh2 Nxf4 24. dxc7 Rxd4 25. c8=Q Rd6 26. g4 Kg7
27. Kg3 Ne2+ 28. Nxe2 Rxe2 29. Qc3+ Rf6 30. f4 Bd6 31. g5 hxg5 32. Kf3 Rh2 33.
Kg4 Bxf4 34. a4 Rg2+ 35. Kf3 Rg3+ 0-1

[Event "Titled Tuesday intern op 30th June"]
[Site "Chess.com INT"]
[Date "2020.06.30"]
[Round "4"]
[White "Girish, A Koushnik"]
[Black "Zverev, Lev"]
[Result "1-0"]
[WhiteElo "2498"]
[BlackElo "2087"]
[PlyCount "61"]
[EventDate "2020.06.30"]
[EventType "swiss (blitz)"]
[EventRounds "10"]
[EventCountry "USA"]
[SourceTitle "CBM 197 Extra"]
[Source "ChessBase"]
[SourceDate "2020.09.30"]
[SourceVersion "1"]
[SourceVersionDate "2020.09.30"]
[SourceQuality "1"]

1. d4 Nf6 2. Bg5 Ne4 3. Bf4 d5 4. e3 e6 5. Bd3 Bd6 6. Ne2 O-O 7. Bxe4 dxe4 8.
Nbc3 f5 9. h4 c6 10. h5 Bxf4 11. Nxf4 b5 12. Qd2 a5 13. f3 exf3 14. gxf3 a4 15.
Nce2 Qe7 16. O-O-O b4 17. Rdg1 b3 18. a3 e5 19. dxe5 Qxe5 20. h6 g6 21. Rxg6+
hxg6 22. Nxg6 Qf6 23. h7+ Kf7 24. Nxf8 Qh8 25. Qd8 Bb7 26. Nf4 Na6 27. Qd7+ Kf6
28. Rh6+ Kg5 29. Rg6+ Kh4 30. Qe7+ Qf6 31. h8=Q# 1-0

[Event "Titled Tuesday intern op 30th June"]
[Site "Chess.com INT"]
[Date "2020.06.30"]
[Round "5"]
[White "Rorrer, Grayson"]
[Black "Girish, A Koushnik"]
[Result "0-1"]
[WhiteElo "2117"]
[BlackElo "2498"]
[PlyCount "68"]
[EventDate "2020.06.30"]
[EventType "swiss (blitz)"]
[EventRounds "10"]
[EventCountry "USA"]
[SourceTitle "CBM 197 Extra"]
[Source "ChessBase"]
[SourceDate "2020.09.30"]
[SourceVersion "1"]
[SourceVersionDate "2020.09.30"]
[SourceQuality "1"]

1. e4 e5 2. Nf3 Nc6 3. Bb5 a6 4. Ba4 Nge7 5. O-O g6 6. c3 Bg7 7. d4 exd4 8.
cxd4 b5 9. Bb3 d6 10. h3 O-O 11. Bf4 h6 12. Nc3 g5 13. Bxg5 Nxd4 14. Be3 Nxb3
15. axb3 Bb7 16. Re1 Ng6 17. Nd4 Nh4 18. g3 c5 19. Nf3 Nxf3+ 20. Qxf3 f5 21.
Rad1 fxe4 22. Qg4 Qf6 23. Nxe4 Bxe4 24. Qxe4 Rad8 25. Rd2 Rfe8 26. Qd5+ Qe6 27.
Red1 Qxd5 28. Rxd5 Bxb2 29. Bxc5 Re5 30. Bxd6 Rxd5 31. Rxd5 Ba3 32. Bxa3 Rxd5
33. Bb4 Rd3 34. Kg2 Rxb3 0-1

[Event "Titled Tuesday intern op 30th June"]
[Site "Chess.com INT"]
[Date "2020.06.30"]
[Round "6"]
[White "Girish, A Koushnik"]
[Black "Kwon, Sehyun"]
[Result "1-0"]
[WhiteElo "2498"]
[BlackElo "2194"]
[PlyCount "73"]
[EventDate "2020.06.30"]
[EventType "swiss (blitz)"]
[EventRounds "10"]
[EventCountry "USA"]
[SourceTitle "CBM 197 Extra"]
[Source "ChessBase"]
[SourceDate "2020.09.30"]
[SourceVersion "1"]
[SourceVersionDate "2020.09.30"]
[SourceQuality "1"]

1. d4 Nf6 2. Bg5 Ne4 3. Bf4 d5 4. e3 c5 5. Bd3 Nf6 6. c3 Qb6 7. Qc1 Nc6 8. Nd2
g6 9. h3 Bg7 10. Ngf3 O-O 11. O-O Re8 12. a4 Nd7 13. a5 Qd8 14. a6 e5 15. dxe5
Ndxe5 16. Nxe5 Nxe5 17. Bb5 Re7 18. Bxe5 Bxe5 19. Nf3 Bf6 20. Rd1 bxa6 21. Bc6
Rb8 22. Bxd5 Qb6 23. Rd2 Kg7 24. Qc2 Bb7 25. Bxb7 Rexb7 26. Qa4 Qc7 27. Ra2 Rb6
28. Rd7 Qc8 29. Rxa7 Rxb2 30. Rxa6 Rb1+ 31. Kh2 Qc7+ 32. g3 R8b2 33. Qc4 Qe7
34. Rxb2 Rxb2 35. Kg1 Qd7 36. Kg2 Rb1 37. Qa4 1-0

[Event "Titled Tuesday intern op 30th June"]
[Site "Chess.com INT"]
[Date "2020.06.30"]
[Round "7"]
[White "Girish, A Koushnik"]
[Black "Martinez Reyes, Pedro Ramon"]
[Result "1-0"]
[WhiteElo "2498"]
[BlackElo "2416"]
[PlyCount "121"]
[EventDate "2020.06.30"]
[EventType "swiss (blitz)"]
[EventRounds "10"]
[EventCountry "USA"]
[SourceTitle "CBM 197 Extra"]
[Source "ChessBase"]
[SourceDate "2020.09.30"]
[SourceVersion "1"]
[SourceVersionDate "2020.09.30"]
[SourceQuality "1"]

1. d4 Nf6 2. Bg5 d5 3. e3 c5 4. Nd2 cxd4 5. exd4 Nc6 6. c3 h6 7. Bxf6 gxf6 8.
Ngf3 e5 9. dxe5 fxe5 10. Bb5 Qb6 11. Qa4 Bd7 12. O-O-O O-O-O 13. Rhe1 f6 14.
Nb3 a6 15. Bxc6 Bxc6 16. Qg4+ Kb8 17. Qh4 Be7 18. Nxe5 fxe5 19. Qxe7 Rhe8 20.
Qh4 a5 21. Qg3 Qc7 22. Nc5 Bb5 23. Nd3 Bxd3 24. Rxd3 e4 25. Qxc7+ Kxc7 26. Rh3
d4 27. cxd4 Rxd4 28. Rxh6 Red8 29. Re2 Rd1+ 30. Kc2 R8d4 31. Rh4 Rf1 32. Kc3
Rd3+ 33. Kc2 Rd4 34. Rf4 Rc4+ 35. Kb3 b5 36. Rfxe4 Rc5 37. a4 b4 38. Rc4 Rxc4
39. Kxc4 Kc6 40. h4 Ra1 41. h5 Rxa4 42. Re1 b3+ 43. Kxb3 Rb4+ 44. Kc3 Rh4 45.
Re5 a4 46. g3 Rh2 47. f4 Kd6 48. Rg5 Rh3 49. Kb4 Rh2 50. Ka3 Ke6 51. g4 Kf6 52.
Rg6+ Kf7 53. f5 Rh4 54. h6 Rh2 55. g5 Rf2 56. Rg7+ Kf8 57. f6 Rh2 58. h7 Rh3+
59. Kxa4 Rh4+ 60. b4 Rxh7 61. Rxh7 1-0

[Event "Titled Tuesday intern op 30th June"]
[Site "Chess.com INT"]
[Date "2020.06.30"]
[Round "8"]
[White "Grinberg, Eyal"]
[Black "Girish, A Koushnik"]
[Result "0-1"]
[WhiteElo "2491"]
[BlackElo "2498"]
[PlyCount "76"]
[EventDate "2020.06.30"]
[EventType "swiss (blitz)"]
[EventRounds "10"]
[EventCountry "USA"]
[SourceTitle "CBM 197 Extra"]
[Source "ChessBase"]
[SourceDate "2020.09.30"]
[SourceVersion "1"]
[SourceVersionDate "2020.09.30"]
[SourceQuality "1"]

1. e4 e5 2. Nf3 Nc6 3. Bb5 g6 4. O-O a6 5. Ba4 Bg7 6. c3 b5 7. Bc2 d6 8. d4
exd4 9. Nxd4 Nge7 10. Bg5 Nxd4 11. cxd4 h6 12. Be3 O-O 13. Nc3 f5 14. f3 Kh8
15. Qd2 g5 16. f4 g4 17. e5 Be6 18. a3 Nd5 19. Nxd5 Bxd5 20. Qc3 Qd7 21. Rac1
Rac8 22. Bb3 Be4 23. Rfd1 c6 24. Qb4 Rfd8 25. Bc2 Bxc2 26. Rxc2 dxe5 27. fxe5
Bxe5 28. Rf2 Bg7 29. Qc5 Rf8 30. Rdf1 Rce8 31. d5 Qxd5 32. Rxf5 Rxf5 33. Rxf5
Qxc5 34. Bxc5 Bxb2 35. Kf2 Re5 36. Rf8+ Kg7 37. Bd6 Rd5 38. Rd8 Bxa3 0-1

[Event "Titled Tuesday intern op 30th June"]
[Site "Chess.com INT"]
[Date "2020.06.30"]
[Round "9"]
[White "Girish, A Koushnik"]
[Black "Quparadze, Giga"]
[Result "0-1"]
[WhiteElo "2498"]
[BlackElo "2463"]
[PlyCount "68"]
[EventDate "2020.06.30"]
[EventType "swiss (blitz)"]
[EventRounds "10"]
[EventCountry "USA"]
[SourceTitle "CBM 197 Extra"]
[Source "ChessBase"]
[SourceDate "2020.09.30"]
[SourceVersion "1"]
[SourceVersionDate "2020.09.30"]
[SourceQuality "1"]

1. d4 Nf6 2. c4 e6 3. Nf3 b6 4. a3 Ba6 5. Qc2 c5 6. d5 exd5 7. cxd5 Bd6 8. Nc3
O-O 9. e4 Bxf1 10. Kxf1 Re8 11. g3 b5 12. Nxb5 Nxe4 13. Kg2 Qb6 14. Re1 Qxb5
15. Rxe4 Na6 16. Ng5 g6 17. Rh4 h5 18. Rxh5 Re2 19. Qc3 Be5 20. Qf3 Rf8 21. Rh4
Re1 22. Kh3 Qf1+ 23. Qg2 Qd3 24. Bf4 Rxa1 25. Bxe5 Qf5+ 26. g4 Qxe5 27. Nf3 Qf4
28. g5 Qf5+ 29. Kg3 Rd1 30. h3 Rd3 31. Rf4 Qxg5+ 32. Rg4 Qxd5 33. Kh4 Qh5+ 34.
Kg3 Qf5 0-1

[Event "Titled Tuesday intern op 30th June"]
[Site "Chess.com INT"]
[Date "2020.06.30"]
[Round "10"]
[White "Girish, A Koushnik"]
[Black "Nitin, Senthilvel"]
[Result "1-0"]
[WhiteElo "2498"]
[BlackElo "2381"]
[PlyCount "95"]
[EventDate "2020.06.30"]
[EventType "swiss (blitz)"]
[EventRounds "10"]
[EventCountry "USA"]
[SourceTitle "CBM 197 Extra"]
[Source "ChessBase"]
[SourceDate "2020.09.30"]
[SourceVersion "1"]
[SourceVersionDate "2020.09.30"]
[SourceQuality "1"]

1. d4 Nf6 2. Bg5 c5 3. d5 Ne4 4. Bc1 d6 5. f3 Nf6 6. e4 g6 7. Nc3 Bg7 8. Be3
O-O 9. Qd2 e6 10. Bc4 b5 11. Bxb5 exd5 12. exd5 Bd7 13. a4 a6 14. Bc4 Re8 15.
Nge2 Bf5 16. O-O Bxc2 17. Bg5 Bf5 18. Ng3 Bc8 19. Nce4 Nxe4 20. fxe4 Qc7 21.
Bf6 Bxf6 22. Rxf6 Nd7 23. Rf2 Ne5 24. Be2 Rb8 25. h4 c4 26. h5 Qb6 27. Raf1 Bg4
28. h6 Bxe2 29. Qxe2 Nd3 30. Qf3 Qd4 31. Qxf7+ Kh8 32. Qf6+ Qxf6 33. Rxf6 Nxb2
34. Rxd6 c3 35. Rc6 Nxa4 36. Rc4 Nb6 37. Rxc3 Nd7 38. Rf7 Ne5 39. Ra7 Rb1+ 40.
Kh2 Ng4+ 41. Kh3 Nf2+ 42. Kh4 Nxe4 43. Nxe4 Rxe4+ 44. Kg3 Re8 45. Rcc7 Rb3+ 46.
Kh2 Rd3 47. Rxh7+ Kg8 48. Rag7+ 1-0

[Event "Leon blitz op 33rd"]
[Site "Chess.com INT"]
[Date "2020.07.14"]
[Round "2"]
[White "Girish, A Koushnik"]
[Black "Tanaka, Taira Tyler"]
[Result "1-0"]
[WhiteElo "2498"]
[BlackElo "2107"]
[PlyCount "95"]
[EventDate "2020.07.14"]
[EventType "swiss (blitz)"]
[EventRounds "10"]
[EventCountry "ESP"]
[SourceTitle "CBM 197 Extra"]
[Source "ChessBase"]
[SourceDate "2020.09.30"]
[SourceVersion "1"]
[SourceVersionDate "2020.09.30"]
[SourceQuality "1"]

1. d4 Nf6 2. c4 g6 3. Nc3 Bg7 4. g3 O-O 5. Bg2 d6 6. Nf3 c5 7. d5 e6 8. O-O
exd5 9. cxd5 Re8 10. Nd2 Na6 11. Nc4 Nc7 12. a4 Ng4 13. e4 Ne5 14. Ne3 Na6 15.
f4 Nd7 16. Kh1 Nb4 17. Nc4 Nb6 18. Na3 Nd7 19. Be3 b6 20. Nc4 Nf6 21. Bg1 Ba6
22. Qb3 Bb7 23. Rae1 a6 24. Rd1 Qc7 25. Rfe1 Rad8 26. Na2 Nxa2 27. Qxa2 b5 28.
axb5 axb5 29. Qa5 Qd7 30. Nb6 Qc7 31. Qxb5 Rb8 32. b4 cxb4 33. Rc1 Qd8 34. Qxb4
Bxd5 35. exd5 Rxb6 36. Bxb6 Rxe1+ 37. Rxe1 Qd7 38. h3 h5 39. Bd4 h4 40. g4 Nxg4
41. hxg4 Qxg4 42. Bxg7 h3 43. Be4 Qxf4 44. Qd4 Qg3 45. Rf1 h2 46. Bg2 Qg5 47.
Bh8 Qf6 48. Qxf6 1-0

[Event "Leon blitz op 33rd"]
[Site "Chess.com INT"]
[Date "2020.07.14"]
[Round "3"]
[White "Girish, A Koushnik"]
[Black "Sjugirov, Sanan"]
[Result "1-0"]
[WhiteElo "2498"]
[BlackElo "2675"]
[PlyCount "55"]
[EventDate "2020.07.14"]
[EventType "swiss (blitz)"]
[EventRounds "10"]
[EventCountry "ESP"]
[SourceTitle "CBM 197 Extra"]
[Source "ChessBase"]
[SourceDate "2020.09.30"]
[SourceVersion "1"]
[SourceVersionDate "2020.09.30"]
[SourceQuality "1"]

1. d4 Nf6 2. c4 e6 3. Nf3 b6 4. a3 Ba6 5. Qc2 Bb7 6. Nc3 c5 7. e4 cxd4 8. Nxd4
Bc5 9. Nb3 Nc6 10. Bg5 h6 11. Bh4 Qb8 12. Bg3 Bd6 13. O-O-O Bxg3 14. hxg3 O-O
15. Be2 a6 16. f4 e5 17. f5 b5 18. Nd5 Nxd5 19. cxd5 Rc8 20. Kb1 Nd4 21. Qd3
Nxb3 22. Qxb3 Qa7 23. g4 Qf2 24. Bf3 a5 25. f6 b4 26. g5 Ba6 27. gxh6 Bc4 28.
hxg7 1-0

[Event "Leon blitz op 33rd"]
[Site "Chess.com INT"]
[Date "2020.07.14"]
[Round "4"]
[White "Bluebaum, Matthias"]
[Black "Girish, A Koushnik"]
[Result "0-1"]
[WhiteElo "2647"]
[BlackElo "2498"]
[PlyCount "66"]
[EventDate "2020.07.14"]
[EventType "swiss (blitz)"]
[EventRounds "10"]
[EventCountry "ESP"]
[SourceTitle "CBM 197 Extra"]
[Source "ChessBase"]
[SourceDate "2020.09.30"]
[SourceVersion "1"]
[SourceVersionDate "2020.09.30"]
[SourceQuality "1"]

1. d4 Nf6 2. c4 e6 3. Nc3 Bb4 4. e3 O-O 5. Bd2 d5 6. Nf3 b6 7. cxd5 exd5 8. Bd3
Bb7 9. O-O a6 10. Rc1 Bd6 11. Ne5 c5 12. f4 Nc6 13. Ng4 Be7 14. Nxf6+ Bxf6 15.
dxc5 bxc5 16. b3 Nb4 17. Bb1 d4 18. Na4 Re8 19. e4 d3 20. Nxc5 Bxe4 21. Bxb4
Qd4+ 22. Kh1 Bxg2+ 23. Kxg2 Re2+ 24. Kg3 Qe3+ 25. Rf3 Bh4+ 26. Kxh4 Qxf3 27.
Qh1 Qxf4+ 28. Kh3 Rae8 29. Rg1 Qh6+ 30. Kg4 f5+ 31. Kxf5 Rf8+ 32. Kg4 Rf4+ 33.
Kg3 Qh4# 0-1

[Event "Leon blitz op 33rd"]
[Site "Chess.com INT"]
[Date "2020.07.14"]
[Round "5"]
[White "Chigaev, Maksim"]
[Black "Girish, A Koushnik"]
[Result "1-0"]
[WhiteElo "2588"]
[BlackElo "2498"]
[PlyCount "89"]
[EventDate "2020.07.14"]
[EventType "swiss (blitz)"]
[EventRounds "10"]
[EventCountry "ESP"]
[SourceTitle "CBM 197 Extra"]
[Source "ChessBase"]
[SourceDate "2020.09.30"]
[SourceVersion "1"]
[SourceVersionDate "2020.09.30"]
[SourceQuality "1"]

1. e4 c6 2. Nf3 d5 3. d3 g6 4. e5 c5 5. d4 cxd4 6. Qxd4 Nc6 7. Bb5 Bg7 8. Nc3
a6 9. Bxc6+ bxc6 10. O-O Nh6 11. Bxh6 Bxh6 12. e6 f6 13. Rfe1 Qd6 14. Qh4 Bg7
15. Rad1 O-O 16. Ne4 Qc7 17. Nc5 Rb8 18. b4 a5 19. a3 axb4 20. axb4 h6 21. c3
f5 22. Nd4 Kh7 23. Qh3 Ra8 24. Qd3 Ra2 25. Ra1 Rxa1 26. Rxa1 Bf6 27. g3 h5 28.
Ra8 Kg7 29. Qe2 Bb7 30. Rxf8 Kxf8 31. Qa2 Qb6 32. Qa5 Qxa5 33. bxa5 Bc8 34. a6
Bxa6 35. Nxa6 Bxd4 36. cxd4 Ke8 37. Nc5 Kd8 38. Kf1 Kc7 39. Ke2 Kb6 40. Kd3 Kb5
41. Kc3 g5 42. f4 g4 43. Nd7 Ka5 44. Ne5 Kb5 45. Ng6 1-0

[Event "Leon blitz op 33rd"]
[Site "Chess.com INT"]
[Date "2020.07.14"]
[Round "6"]
[White "Girish, A Koushnik"]
[Black "Onischuk, Vladimir"]
[Result "0-1"]
[WhiteElo "2498"]
[BlackElo "2633"]
[PlyCount "88"]
[EventDate "2020.07.14"]
[EventType "swiss (blitz)"]
[EventRounds "10"]
[EventCountry "ESP"]
[SourceTitle "CBM 197 Extra"]
[Source "ChessBase"]
[SourceDate "2020.09.30"]
[SourceVersion "1"]
[SourceVersionDate "2020.09.30"]
[SourceQuality "1"]

1. d4 d6 2. Nf3 g6 3. g3 Bg7 4. Bg2 Nf6 5. c4 O-O 6. Nc3 Nc6 7. O-O e5 8. dxe5
dxe5 9. Bg5 Be6 10. Nd2 h6 11. Bxf6 Bxf6 12. e3 Qc8 13. Nd5 Bg7 14. Ne4 Rd8 15.
Qb3 Bf8 16. Rfd1 f5 17. Nec3 a6 18. Qa4 e4 19. f3 exf3 20. Bxf3 Ne5 21. Bg2 Rb8
22. Nf4 Bxc4 23. Bd5+ Bxd5 24. Ncxd5 Rd6 25. Qb3 Kh7 26. Rac1 c6 27. Nb6 Qe8
28. Rxd6 Bxd6 29. Rd1 Bc5 30. Ne6 Be7 31. Kg2 Bf6 32. a4 Qe7 33. a5 Re8 34. Nf4
Kg7 35. h3 Qf7 36. Qxf7+ Kxf7 37. b4 Rc8 38. Nd7 Rc7 39. Nc5 Re7 40. Kf2 Nc4
41. Rd3 Be5 42. Ne2 Nd6 43. Nc3 Bxc3 44. Rxd6 Bxb4 0-1

[Event "Leon blitz op 33rd"]
[Site "Chess.com INT"]
[Date "2020.07.14"]
[Round "7"]
[White "Girish, A Koushnik"]
[Black "Matinian, Nikita"]
[Result "1-0"]
[WhiteElo "2498"]
[BlackElo "2475"]
[PlyCount "97"]
[EventDate "2020.07.14"]
[EventType "swiss (blitz)"]
[EventRounds "10"]
[EventCountry "ESP"]
[SourceTitle "CBM 197 Extra"]
[Source "ChessBase"]
[SourceDate "2020.09.30"]
[SourceVersion "1"]
[SourceVersionDate "2020.09.30"]
[SourceQuality "1"]

1. d4 Nf6 2. c4 g6 3. Nc3 Bg7 4. g3 O-O 5. Bg2 d6 6. Nf3 Nc6 7. O-O a6 8. d5
Na5 9. Nd2 c5 10. Qc2 Rb8 11. b3 b5 12. Bb2 h5 13. Nd1 h4 14. Ne3 h3 15. Bh1 e5
16. dxe6 Bxe6 17. Rad1 Re8 18. Bxf6 Bxf6 19. Nd5 Bg7 20. e3 Nc6 21. a3 Ne5 22.
Ne4 bxc4 23. bxc4 Rb2 24. Qa4 Bd7 25. Qxa6 Bg4 26. f3 Nxf3+ 27. Bxf3 Bxf3 28.
Rxf3 Rg2+ 29. Kh1 Rxe4 30. Re1 Qb8 31. Rg1 Qb2 32. Qc8+ Bf8 33. Qxh3 Rxg1+ 34.
Kxg1 f5 35. Rf2 Qa1+ 36. Qf1 Qxf1+ 37. Kxf1 Rxc4 38. Ra2 Rc1+ 39. Kg2 Kf7 40.
a4 c4 41. a5 c3 42. a6 c2 43. Kh3 g5 44. a7 g4+ 45. Kh4 Rd1 46. a8=Q c1=Q 47.
Ra7+ Ke6 48. Nf4+ Ke5 49. Qe8+ 1-0